[Event "Wch Blitz"]
[Site "Riadh"]
[Date "2017.12.30"]
[Round "13"]
[White "Al Hajiri, Bader"]
[Black "Bukannan, Ahmed A"]
[Result "0-1"]
[WhiteElo "2165"]
[BlackElo "1929"]
[PlyCount "51"]
[EventDate "2017.12.29"]
[EventType "swiss (blitz)"]
[EventRounds "21"]
[EventCountry "SAU"]
[SourceTitle "CBM 182 Extra"]
[Source "ChessBase"]
[SourceDate "2018.02.23"]
[SourceVersion "1"]
[SourceVersionDate "2018.02.23"]
[SourceQuality "1"]

1. e4 Nf6 2. e5 Nd5 3. d4 d6 4. f4 g6 5. Nf3 Bg7 6. Ng5 h6 7. Ne4 dxe5 8. fxe5 0-0 9. Bc4 Nc6 10. c3 Bf5 11. Ng3 Be6 12. 0-0 Nxc3 13. bxc3 Bxc4 14. Rf2 Nxe5 15. Nd2 Be6 16. dxe5 Bxe5 17. Qf3 Bd5 18. Qe3 Bg7 19. Nde4 f5 20. Nc5 Qd6 21. Nd3 Bc4 22. Nb2 Ba6 23. Ne2 e5 24. Bd2 f4 25. Qe4 Qxd2 26. Nxf4 0-1

[Event "Wch Blitz"]
[Site "Riadh"]
[Date "2017.12.30"]
[Round "18"]
[White "Bukannan, Ahmed A"]
[Black "Tissir, Mohamed"]
[Result "1/2-1/2"]
[WhiteElo "1929"]
[BlackElo "2381"]
[PlyCount "133"]
[EventDate "2017.12.29"]
[EventType "swiss (blitz)"]
[EventRounds "21"]
[EventCountry "SAU"]
[SourceTitle "CBM 182 Extra"]
[Source "ChessBase"]
[SourceDate "2018.02.23"]
[SourceVersion "1"]
[SourceVersionDate "2018.02.23"]
[SourceQuality "1"]

1. Nf3 Nf6 2. d4 g6 3. g3 Bg7 4. Bg2 0-0 5. 0-0 d6 6. c4 a6 7. Nc3 Nc6 8. e4 Rb8 9. a4 Bg4 10. h3 Bxf3 11. Bxf3 e5 12. d5 Nd4 13. Bg2 c5 14. dxc6 bxc6 15. Be3 Nd7 16. Bxd4 exd4 17. Ne2 c5 18. b3 Ne5 19. Ra2 Nc6 20. Nc1 Qb6 21. Rb2 Nb4 22. Nd3 Qc7 23. Qd2 Rb6 24. Rfb1 Rfb8 25. h4 Qe7 26. Bf3 h5 27. Bg2 Kh7 28. Bf3 Bh6 29. Qd1 Qf6 30. Nxb4 Rxb4 31. Qd3 a5 32. Bg2 Qe7 33. Bf3 Qe5 34. Bg2 R8b6 35. Bf3 Qf6 36. Bg2 Rb8 37. Bf3 R4b6 38. Bg2 Rb4 39. Bf3 Kg7 40. Bg2 Qe7 41. Bf3 R8b6 42. Bg2 Kh8 43. Bf3 Bg7 44. Bg2 Be5 45. Bf3 Kg7 46. Bg2 Rb8 47. Bf3 g5 48. Bxh5 gxh4 49. Kg2 Rh8 50. Qf3 hxg3 51. fxg3 Qf6 52. Qg4+ Kf8 53. Qc8+ Kg7 54. Qg4+ Kf8 55. Qc8+ Ke7 56. Qc7+ Ke8 57. Rf1 Qxf1+ 58. Kxf1 Rxh5 59. Qc8+ Ke7 60. Qc7+ Kf8 61. Qc8+ Ke7 62. Qc7+ Kf8 63. Qc8+ Ke7 64. Qc7+ Kf8 65. Qc8+ Ke7 66. Qc7+ Kf8 67. Qc8+ 1/2-1/2

[Event "Wch Blitz"]
[Site "Riadh"]
[Date "2017.12.29"]
[Round "1"]
[White "Nguyen, Ngoc Truong Son"]
[Black "Bukannan, Ahmed A"]
[Result "1-0"]
[WhiteElo "2630"]
[BlackElo "1929"]
[PlyCount "87"]
[EventDate "2017.12.29"]
[EventType "swiss (blitz)"]
[EventRounds "21"]
[EventCountry "SAU"]
[SourceTitle "CBM 182 Extra"]
[Source "ChessBase"]
[SourceDate "2018.02.23"]
[SourceVersion "1"]
[SourceVersionDate "2018.02.23"]
[SourceQuality "1"]

1. d4 Nf6 2. c4 g6 3. Nc3 Bg7 4. e4 d6 5. Nf3 0-0 6. Be2 b6 7. 0-0 Bb7 8. Qc2 Nbd7 9. Rd1 c5 10. d5 Ne5 11. Nxe5 dxe5 12. a3 Nd7 13. Bd3 Rc8 14. Be3 Qe8 15. b4 e6 16. Nb5 Qe7 17. Nxa7 Ra8 18. Nc6 Bxc6 19. dxc6 Nf6 20. b5 Ng4 21. Qe2 f5 22. h3 Nh6 23. Bxh6 Bxh6 24. Bc2 f4 25. Qf3 Rfd8 26. Rxd8+ Rxd8 27. Rd1 Rd4 28. Rxd4 exd4 29. a4 e5 30. Qg4 d3 31. Bxd3 Qd6 32. Qd7 Qxd7 33. cxd7 Bg5 34. a5 bxa5 35. b6 Kg7 36. b7 a4 37. b8Q f3 38. Qxe5+ Bf6 39. Qxf6+ Kxf6 40. d8Q+ Kg7 41. Qe7+ Kh6 42. g4 a3 43. h4 a2 44. Qf8# 1-0

[Event "Wch Rapid"]
[Site "Riadh"]
[Date "2017.12.27"]
[Round "7"]
[White "Alem, Ali Hussien"]
[Black "Bukannan, Ahmed A"]
[Result "0-1"]
[WhiteElo "1745"]
[BlackElo "1929"]
[PlyCount "64"]
[EventDate "2017.12.26"]
[EventType "swiss (rapid)"]
[EventRounds "15"]
[EventCountry "SAU"]
[SourceTitle "CBM 182 Extra"]
[Source "ChessBase"]
[SourceDate "2018.02.23"]
[SourceVersion "1"]
[SourceVersionDate "2018.02.23"]
[SourceQuality "1"]

1. e4 Nf6 2. Nc3 d5 3. exd5 Nxd5 4. d4 Nc6 5. Bc4 Nb6 6. Bb5 Bd7 7. Nf3 a6 8. Be2 Bg4 9. Be3 e6 10. a3 Be7 11. b3 0-0 12. 0-0 Bf6 13. Ne5 Nxe5 14. Bxg4 Nc6 15. Ne2 Qd7 16. Qd3 Rad8 17. Rad1 Qe7 18. b4 e5 19. c3 Rfe8 20. Qe4 exd4 21. Qxe7 Rxe7 22. cxd4 Nc4 23. Rd3 Rde8 24. Bf4 Rxe2 25. Bxe2 Rxe2 26. Bxc7 Nxd4 27. h3 g6 28. Rc1 b5 29. Bf4 Re4 30. Bh6 Ne2+ 31. Kh2 Nxc1 32. a4 Nxd3 0-1

[Event "Wch Rapid"]
[Site "Riadh"]
[Date "2017.12.26"]
[Round "5"]
[White "Saeed, Ishaq"]
[Black "Bukannan, Ahmed A"]
[Result "1-0"]
[WhiteElo "2434"]
[BlackElo "1929"]
[PlyCount "71"]
[EventDate "2017.12.26"]
[EventType "swiss (rapid)"]
[EventRounds "15"]
[EventCountry "SAU"]
[SourceTitle "CBM 182 Extra"]
[Source "ChessBase"]
[SourceDate "2018.02.23"]
[SourceVersion "1"]
[SourceVersionDate "2018.02.23"]
[SourceQuality "1"]

1. d4 d5 2. c4 dxc4 3. e4 Nf6 4. Nc3 a6 5. e5 Nd5 6. Bxc4 e6 7. Nf3 Be7 8. 0-0 0-0 9. Ne4 b5 10. Bd3 Nd7 11. Nfg5 g6 12. Qf3 h6 13. Nh3 Kg7 14. Bd2 Bb7 15. Qg3 c5 16. Nf4 Nxf4 17. Qxf4 Rh8 18. Nd6 Bxd6 19. exd6 cxd4 20. Qxd4+ e5 21. Qe3 Qf6 22. Bc3 Qxd6 23. Rfd1 Qe7 24. Bc2 Rhe8 25. a4 b4 26. Bd2 g5 27. h4 Nf8 28. Qg3 f6 29. a5 Rac8 30. Bb3 Ng6 31. Qg4 Rcd8 32. Bxb4 Qc7 33. Rac1 Qb8 34. Qc4 Rxd1+ 35. Rxd1 Nf8 36. Qg8# 1-0